<?xml version="1.0" encoding="UTF-8"?>
<record
    xmlns:xsi="http://www.w3.org/2001/XMLSchema-instance"
    xsi:schemaLocation="http://www.loc.gov/MARC21/slim http://www.loc.gov/standards/marcxml/schema/MARC21slim.xsd"
    xmlns="http://www.loc.gov/MARC21/slim">

  <leader>01084nam a22002417a 4500</leader>
  <controlfield tag="001">BRCA_9190</controlfield>
  <controlfield tag="003">FranzMayer</controlfield>
  <controlfield tag="005">20220809132707.0</controlfield>
  <controlfield tag="008">220706b        |||||||| |||| 00| 0 spa d</controlfield>
  <datafield tag="020" ind1=" " ind2=" ">
    <subfield code="a">9786076052853</subfield>
    <subfield code="q">Instituto Nacional de Bellas Artes</subfield>
  </datafield>
  <datafield tag="040" ind1=" " ind2=" ">
    <subfield code="b">spa</subfield>
    <subfield code="c">MFM</subfield>
  </datafield>
  <datafield tag="041" ind1="1" ind2=" ">
    <subfield code="a">spa</subfield>
  </datafield>
  <datafield tag="050" ind1=" " ind2=" ">
    <subfield code="a">TR647.H4</subfield>
    <subfield code="b">H46 2014</subfield>
  </datafield>
  <datafield tag="245" ind1=" " ind2=" ">
    <subfield code="a">Henri Cartier-Bresson</subfield>
  </datafield>
  <datafield tag="260" ind1=" " ind2=" ">
    <subfield code="a">Madrid : </subfield>
    <subfield code="b">Fundaci&#xF3;n Mapfre</subfield>
    <subfield code="c">c 2014</subfield>
  </datafield>
  <datafield tag="300" ind1=" " ind2=" ">
    <subfield code="a">397 p. :</subfield>
    <subfield code="b">il. y fot. ;</subfield>
    <subfield code="c">25.5 x 30 cm.</subfield>
  </datafield>
  <datafield tag="500" ind1=" " ind2=" ">
    <subfield code="a">Ubicaci&#xF3;n: L59-N5</subfield>
  </datafield>
  <datafield tag="504" ind1=" " ind2=" ">
    <subfield code="a">Bibliograf&#xED;a seleccionada: p. 394-397</subfield>
  </datafield>
  <datafield tag="520" ind1=" " ind2=" ">
    <subfield code="a">Obra publicada con ocasi&#xF3;n de la exposici&#xF3;n "Henri Cartier-Bresson"; Presentada en Par&#xED;s, en el Centre Pompidou, Galerie 2, febrero-junio 2014; en Madrid, en FUNDACI&#xD3;N MAPFRE, junio-septiembre 2014;en Roma, en el Museo dell'Ara Pacis, septiembre 2014-enero 2015en la Ciudad de M&#xE9;xico, en el Museo del Palacio de Bellas Artes, febrero-abril 2015</subfield>
  </datafield>
  <datafield tag="600" ind1=" " ind2=" ">
    <subfield code="a">Cartier-Bresson, Henri,&#x200F; </subfield>
    <subfield code="d">1908-2004</subfield>
    <subfield code="v">Exposici&#xF3;n</subfield>
    <subfield code="x">Fotograf&#xED;a</subfield>
    <subfield code="y">Siglo XX</subfield>
    <subfield code="9">28426</subfield>
  </datafield>
  <datafield tag="942" ind1=" " ind2=" ">
    <subfield code="2">lcc</subfield>
    <subfield code="c">B</subfield>
  </datafield>
  <datafield tag="999" ind1=" " ind2=" ">
    <subfield code="c">10809</subfield>
    <subfield code="d">10809</subfield>
  </datafield>
  <datafield tag="952" ind1=" " ind2=" ">
    <subfield code="0">0</subfield>
    <subfield code="1">0</subfield>
    <subfield code="2">lcc</subfield>
    <subfield code="4">0</subfield>
    <subfield code="7">0</subfield>
    <subfield code="a">BRCA</subfield>
    <subfield code="b">BRCA</subfield>
    <subfield code="d">2022-07-06</subfield>
    <subfield code="l">0</subfield>
    <subfield code="o">TR647.H4 H46 2014</subfield>
    <subfield code="p">CONT9963</subfield>
    <subfield code="r">2022-07-06 00:00:00</subfield>
    <subfield code="t">1</subfield>
    <subfield code="w">2022-07-06</subfield>
    <subfield code="y">B</subfield>
  </datafield>
</record>
